000 02462pam a22004211i 4500
001 991017940749707026
003 UkOxU
005 20260505164002.0
006 m || d |
007 cr |||||||||||
008 221115s2022 nju o 000|0|eng|d
015 _aGBC2L0349
_2bnb
020 _a9781292412870
_q(PDF ebook):
_cĐ50.99
035 _a023393583-44oxf_inst
035 _a(UkOxU)023393583
035 _a(Uk)020818527
037 _a9781292412870
_bPearson UK
040 _aStDuBDS
_beng
_erda
_epn
_cStDuBDS
_dUk
041 _aEnglish
042 _aukblsr
100 _aHarrison, Walter T.
_cJr.
_eauthor.
_1https://isni.org/isni/0000000073747229
_920661
245 1 0 _aFinancial accounting
_b: international financial reporting standards
250 _aTwelfth edition
_b/ Walter T. Harrison, Themin Suwardy, Wendy M. Tietz, Charles T. Horngren, C. William (Bill) Thomas.
250 _aGlobal edition.
264 1 _aUpper Saddle River :
_bPearson,
_c2022.
300 _a1 online resource.
500 _aAcademic
520 _aFor courses in introductory financial accounting. A student-centered approach to financial accounting Accounting is the language of business, and understanding the role accounting plays in business is critical to a student's success in earning a business degree. Financial Accounting, International Financial Reporting Standards puts the focus on the purpose of accounting in business. With student-friendly examples and streamlined chapters, the 12th Edition delivers a student-centric approach to learning financial accounting. While maintaining its hallmark features of accuracy and lucidity, the twelfth edition also includes updated coverage of the Conceptual Framework for Financial Reporting; new and updated financial statements; real-world examples, illustrations, and exhibits; and discussions on how the COVID-19 pandemic impacted organizations.
630 0 _aB1 Financial Accounting (BiM)
_926595
650 0 _aAccounting
_9103
700 _aSuwardy, Themin
_eauthor.
_97075
700 _aTietz, Wendy M.,
_eauthor.
_1https://isni.org/isni/0000000069348719
_924237
700 _aHorngren, Charles T.
_d1926-2011
_eauthor.
_1https://isni.org/isni/0000000122801309
_920352
700 _aThomas, C. William
_eauthor.
_1https://isni.org/isni/0000000032286171
_97076
856 _uhttps://bibliotheque.tbs-education.fr/Default/doc/SYRACUSE/3386444/financial-accounting
942 _2lcc
999 _c4907
_d4907